[Event "20th Dubai Open 2018"]
[Site "Dubai"]
[Date "2018.04.05"]
[Round "4"]
[White "Blagojevic, Tijana"]
[Black "Iniyan, P."]
[Result "0-1"]
[WhiteElo "2254"]
[BlackElo "2466"]
[Annotator "TA"]
[PlyCount "74"]
[EventDate "2018.??.??"]
[EventType "swiss"]
[EventCountry "UAE"]
[SourceTitle "playchess.com"]
[Source "ChessBase"]
[SourceQuality "1"]

{[%evp 14,74,56,46,54,17,28,25,53,54,61,72,73,80,124,114,223,201,322,320,315,130,247,0,0,-17,26,-22,-37,-65,-16,-142,0,0,0,-20,-11,-29,21,-43,-44,-228,-235,-215,-218,-528,-518,-484,-511,-535,-531,-520,-460,-508,-487,-596,-595,-29990,-29991,-29991,-29992,-29995,-29996]} 1. e4 c5 2. Nf3 d6 3. Bb5+ Nd7 4. O-O a6 5. Bd3 Ngf6 6. Re1 {B51: Sicilian: Moscow Variation (3 Bb5+) without 3...Bd7} b5 (6... e6 7. c3 b5 8. Bc2 c4 9. a4 Bb7 10. axb5 axb5 11. Rxa8 Qxa8 12. Na3 Bxe4 13. Bxe4 Nxe4 {0-1 (59) Amin,B (2693)-Vidit,S (2718) Wijk aan Zee 2018}) 7. c4 b4 8. Bc2 {LiveBook: 4 Games. White is slightly better.} Bb7 $146 ({Find the theoretical novelty and annotate with similar games:} 8... e5 9. a3 bxa3 10. Rxa3 Be7 11. d3 O-O 12. Bd2 Qb6 {1-0 (44) Lagno,K (2543)-Ushenina,A (2501) Khanty-Mansiysk 2014}) 9. d4 cxd4 10. Nxd4 Rc8 11. a3 Rxc4 12. Bb3 Rc8 13. axb4 g6 {[#]} 14. Nc3 $1 Nb6 (14... h6 $16 {was called for.}) 15. b5 $18 {Nc6 is the strong threat.} axb5 (15... Bg7 $142 16. bxa6 Ba8) 16. Ra7 ({Much less strong is} 16. Ndxb5 Bg7 $18) 16... Rb8 17. Qe2 (17. Ncxb5 Bg7 $16) (17. Ndxb5 $18 {and the rest is easy.} Nfd7 18. Bf4) 17... Bg7 (17... Nfd7 $16) 18. Ndxb5 $2 ({White has to play} 18. e5 $18 dxe5 19. Qxb5+ Nbd7 20. Bxf7+ (20. Rxb7 Rxb7 21. Bxf7+ Kxf7 $16) 20... Kxf7 21. Qc4+ e6 22. Qxe6+ Kf8 23. Nc6 Bxc6 24. b3) 18... O-O $11 19. Bg5 Nbd7 20. Rea1 h6 21. Bd2 Ne5 22. Kh1 (22. f3 $11 {remains equal.}) 22... Nc6 (22... Bxe4 $1 $17 23. Nxe4 Nxe4 24. Qxe4 Rxb5) 23. R7a3 Qd7 24. f4 e5 25. Be3 Rfe8 26. Rd1 ({White should play} 26. fxe5 $11 Nxe5 27. Rd1) 26... Nd4 $1 $15 {[%cal Rd4e2]} 27. Bxd4 $2 (27. Nxd4 $15 exd4 28. Ba4) 27... exd4 $19 28. Nxd4 {[#] Strongly threatening Ba4.} Nxe4 29. Ba4 $2 (29. Nxe4 {was the crucial defense.} Rxe4 30. Qf2) 29... Nxc3 30. bxc3 Rxe2 31. Bxd7 Bxd4 32. cxd4 Bxg2+ 33. Kg1 Bd5 34. Ra5 Be4 35. d5 Rbb2 {Black mates.} 36. Ra8+ Kg7 37. Re8 Rg2+ {Precision: White = 30%, Black = 48%.} 0-1

[Event "20th Dubai Open 2018"]
[Site "Dubai"]
[Date "2018.04.05"]
[Round "4"]
[White "Ranaldi, Lucas"]
[Black "Santiago, Yago De Moura"]
[Result "0-1"]
[WhiteElo "2226"]
[BlackElo "2476"]
[Annotator "TA"]
[PlyCount "94"]
[EventDate "2018.??.??"]
[EventType "swiss"]
[EventCountry "UAE"]
[SourceTitle "playchess.com"]
[Source "ChessBase"]
[SourceQuality "1"]

{[%evp 14,94,41,35,36,33,34,32,39,26,19,31,95,93,123,79,71,71,77,87,97,90,138,140,150,126,108,107,106,101,136,116,113,131,142,142,131,122,151,114,141,107,102,103,110,96,98,78,104,0,0,0,0,0,0,0,6,0,0,0,-7,-143,-124,-166,-167,-133,-120,-357,-354,-340,-335,-789,-781,-575,-550,-2868,-2629,-4802,-4696,-1623,-1631,-2089,-1869]} 1. c4 f5 2. g3 Nf6 3. Bg2 e6 4. Nf3 Be7 5. O-O O-O 6. Nc3 d6 7. d3 {[%cal Bd2d3,Bd3d4,Bd4d5][%mdl 32]} Qe8 8. e4 e5 {A10: English Opening: Unusual Replies for Black} (8... fxe4 9. dxe4 e5 10. c5 Kh8 11. Bg5 Na6 12. Bxf6 Rxf6 13. Nd5 Rh6 14. cxd6 Bxd6 15. Ne3 Rf6 16. Nf5 {½-½ (41) Edouard,R (2657)-Narciso Dublan,M (2521) Barcelona 2013}) 9. exf5 Bxf5 10. d4 Nc6 {White is slightly better.} 11. d5 Nb4 12. a3 Nd3 $146 (12... Na6 $14) ({Predecessor:} 12... Na6 13. b4 Qh5 14. Nd2 Qg6 15. Re1 Bc2 16. Qe2 Bd3 17. Qd1 Bc2 18. Qe2 Bd3 19. Qd1 Bc2 {½-½ (19) Dunnington,A (2420)-Williams,S (2310) Newport 1997}) 13. Nh4 $36 {[%mdl 2048] White is really pushing.} Qd7 14. Nxf5 Qxf5 15. Qc2 Qg6 16. Bd2 Ng4 {[#] And now ...Qh5 would win.} 17. f3 Nf6 18. Be3 a6 19. Rad1 Nf4 20. Qxg6 Nxg6 21. a4 c5 22. Bh3 Bd8 23. Be6+ Kh8 24. Ne4 Bc7 25. h4 h6 26. Kg2 Rab8 27. Nc3 Ba5 28. Rb1 Rfd8 29. Rh1 Nf8 {[%cal Bg6f8,Bf8d7,Bd7b6][%mdl 32]} 30. Bf5 N8d7 31. g4 (31. Rhc1 $16) 31... Nb6 $11 32. Bd3 Bxc3 $1 33. bxc3 Nxa4 34. g5 Nh5 35. gxh6 gxh6 36. Bxh6 b5 37. cxb5 (37. Rhc1 $1 $11) 37... Nxc3 $17 38. Rb3 Nxd5 39. Kf2 axb5 40. Rxb5 $2 {[#]} (40. Bxb5 $17 Ndf4 41. Bg5) 40... Rxb5 $19 41. Bxb5 Rb8 42. Bd3 $2 (42. Bf1 Rb2+ 43. Ke1) 42... Rb2+ {Black is clearly winning.} 43. Ke1 Ndf4 44. Bxf4 Nxf4 45. Bf5 c4 {[%cal Bc5c4,Bc4c3][%mdl 32]} 46. Rg1 c3 47. Kd1 Rd2+ {Precision: White = 39%, Black = 67%.} 0-1

[Event "20th Dubai Open 2018"]
[Site "Dubai"]
[Date "2018.04.05"]
[Round "4"]
[White "Drljevic, Ljilja"]
[Black "Amin, Bassem"]
[Result "0-1"]
[WhiteElo "2224"]
[BlackElo "2700"]
[Annotator "TA"]
[PlyCount "94"]
[EventDate "2018.??.??"]
[EventType "swiss"]
[EventCountry "UAE"]
[SourceTitle "playchess.com"]
[Source "ChessBase"]
[SourceQuality "1"]

{[%evp 26,94,-15,-31,-25,-43,-20,-47,-39,-52,-22,-62,-60,-54,-61,-57,-57,-58,-31,-40,-6,-59,-39,-75,-39,-116,-117,-127,-50,-59,0,-58,-54,-67,-70,-56,-50,-68,-55,-187,-193,-510,-405,-416,-389,-534,-514,-500,-497,-919,-901,-901,-806,-797,-776,-743,-694,-1642,-1133,-1211,-916,-29983,-29984,-29983,-29984,-29984,-29985,-29985,-29986,-29986,-29987]} 1. g3 c5 2. Bg2 Nc6 3. e4 g6 4. d3 Bg7 5. f4 d6 6. Nf3 Nf6 7. O-O O-O 8. h3 Rb8 9. Nc3 b5 10. a3 a5 11. g4 b4 12. axb4 axb4 13. Ne2 Bb7 {B25: Closed Sicilian: 3 g3, lines without early Be3} (13... c4 14. Be3 Qc7 15. b3 cxb3 16. cxb3 Bxg4 17. hxg4 Nxg4 18. Qd2 Bxa1 19. Rxa1 Ra8 20. Rc1 Nxe3 21. Qxe3 {1-0 (30) Cubas,J (2472)-Matsuura,E (2492) Florianopolis 2018}) 14. Ng3 {LiveBook: 3 Games} Ra8 15. Rb1 $146 ({Predecessor:} 15. Rxa8 Qxa8 16. Qe2 Nd7 17. b3 Qa2 18. Be3 Ra8 19. Qf2 Qb2 20. Rd1 Bc3 21. Kh2 {0-1 (28) Strobel,F (2129)-Golcman,E (2285) Rogaska Slatina 2012}) 15... Nd7 {Black is slightly better.} 16. Be3 Ra2 17. Qc1 Ba6 18. Rd1 Nd4 19. Bf2 Qa5 $36 {[%mdl 2048] White is under pressure.} 20. g5 Rc8 21. h4 Bb5 22. h5 e6 23. hxg6 ({White should play} 23. Rd2 $11) 23... hxg6 $15 24. f5 Ne5 25. Ne1 (25. f6 $1 $15 Ndxf3+ 26. Bxf3 Nxf3+ 27. Kg2 Nxg5 28. fxg7) 25... exf5 26. exf5 Bc6 (26... Nxf5 $17 {Threatens to win with ...Bd7.} 27. Nxf5 gxf5) 27. Bxc6 Rxc6 (27... Nexc6 $15 28. f6 Bf8) 28. Qf4 (28. f6 $11 Bf8 29. Bxd4 cxd4 30. Qf4) 28... Nxf5 29. Nxf5 gxf5 30. Qxf5 Qd8 31. d4 cxd4 32. Bxd4 {[#]} (32. Rxd4 $15 Ra5 33. Rbd1) 32... Ra5 $1 $19 {And now ...Ng6 would win.} 33. Kf2 $2 (33. Ra1) 33... Rc4 34. c3 {and the idea Ra1 leaves White hopeful.} Nc6 35. Qf4 Qd7 36. Nf3 Rf5 37. Qe4 (37. Qe3 $142 Ne5 38. Bxe5 Bxe5 39. Rd3) 37... Ne5 38. Rd3 d5 39. Qe2 Nxd3+ 40. Qxd3 b3 41. Rd1 Bxd4+ 42. cxd4 Rc2+ 43. Kg3 Qd6+ {Black mates.} 44. Kh3 {[#]} Rxf3+ $1 {[%mdl 512]} 45. Qxf3 Qh2+ 46. Kg4 Rg2+ 47. Kf5 Rf2 {Precision: White = 28%, Black = 84%.} 0-1

[Event "20th Dubai Open 2018"]
[Site "Dubai"]
[Date "2018.04.05"]
[Round "4"]
[White "Mohannad, Farhan"]
[Black "Laxman, R.R"]
[Result "1/2-1/2"]
[WhiteElo "2219"]
[BlackElo "2441"]
[Annotator "TA"]
[PlyCount "151"]
[EventDate "2018.??.??"]
[EventType "swiss"]
[EventCountry "UAE"]
[SourceTitle "playchess.com"]
[Source "ChessBase"]
[SourceQuality "1"]

{[%evp 16,151,46,30,31,23,45,34,27,22,118,47,38,41,51,48,47,19,40,41,35,16,19,27,70,35,26,39,39,29,30,48,69,0,0,0,0,0,0,0,0,0,42,34,49,18,19,1,99,95,125,73,83,77,81,74,141,146,127,145,122,137,127,10,9,9,9,0,21,19,30,0,0,0,0,0,0,0,0,0,0,0,0,0,0,0,0,0,0,0,0,0,0,0,0,0,0,0,0,0,0,0,0,0,0,0,0,0,0,0,0,0,0,0,0,0,0,0,0,0,0,0,0,0,0,0,0,0,0,0,0,0,0,0,0,0,0,0]} 1. d4 Nf6 2. c4 e6 3. Nf3 b6 {[%cal Bb7b6,Bb6b5][%mdl 32]} 4. g3 Ba6 5. Qa4 c6 6. Nc3 d5 7. cxd5 b5 {E15: Queen's Indian: 4 g3 sidelines, 4 g3 Ba6 and 4 g3 Bb7 early deviations} 8. Qb3 exd5 (8... cxd5 9. e3 Nbd7 10. Bxb5 Rb8 11. a4 Qa5 12. Ra2 Bb4 13. O-O O-O 14. Bd2 Rfc8 15. Rfa1 {½-½ (44) Pelletier,Y (2555)-Delgado Ramirez,N (2618) Baku 2016}) 9. a3 {LiveBook: 3 Games} Bd6 {White has an edge.} 10. Bg2 O-O 11. O-O Nbd7 $146 ({Predecessor:} 11... Re8 12. Re1 h6 13. Nh4 b4 14. axb4 Bc4 15. Qc2 {½-½ (42) Inkiov,V (2490)-Rigo,J (2370) Berlin West 1984}) 12. Re1 Nb6 (12... Bb7 $11) 13. Bf4 (13. Bg5 $16) 13... Bxf4 $14 14. gxf4 Nc4 15. e3 Bc8 16. Qc2 Nd6 17. Ne5 Bf5 18. Qc1 Rc8 19. Ne2 Qb6 20. Ng3 c5 21. Nxf5 Nxf5 22. dxc5 Rxc5 23. Qd2 Nh4 24. Rac1 ({White should play} 24. Rec1 $1 $14) 24... Nxg2 $11 25. Kxg2 Rfc8 26. Rxc5 Qxc5 27. Nd3 Qb6 28. Rc1 Rc4 29. Ne5 Rc7 30. Rc3 h6 {White should prevent ...Ne4.} 31. Qc2 $40 {[%mdl 128] White is up to no good.} (31. f3 {is interesting.} a6 32. Kf2 g5 33. fxg5 hxg5 34. Kg2) 31... Ne8 (31... Rxc3 $11 {keeps the balance.} 32. Qxc3 Qe6) 32. Rxc7 Qxc7 33. Qxc7 (33. Qc6 $142 Qxc6 34. Nxc6) 33... Nxc7 $16 {[%mdl 4096] Endgame KN-KN} 34. Kf3 a6 35. Ke2 f6 {[#]} (35... Kf8 $142) 36. Nc6 $1 Kf7 37. Kd3 Ke6 38. Nd4+ Kd7 {[#]} 39. b4 (39. Kc3 $1 $16) 39... g6 $11 40. Nf3 Ke6 41. h3 g5 42. Nd4+ Kf7 43. fxg5 fxg5 {The position is equal.} 44. Ne2 {Kd4 is the strong threat.} Ke6 45. Nd4+ Ke5 46. Nf3+ Kd6 47. Nd4 h5 48. f3 Ke5 49. Nc6+ Kd6 50. Nd4 Ne8 51. Nb3 Nc7 52. Nd4 Na8 53. Nb3 Nb6 54. Nc5 Nc4 55. Nxa6 Nxa3 56. Nc5 Nc4 57. Ke2 Ne5 58. Nb7+ Ke6 59. Nc5+ Kd6 60. Nb7+ Ke7 61. Nc5 Nc6 62. Nd3 Kf6 63. Kf2 Ne5 64. Nc5 Kf5 65. Kg3 d4 66. exd4 Nc6 67. d5 Nxb4 68. d6 Nc6 69. d7 b4 70. h4 Nd8 71. hxg5 Kxg5 72. f4+ Kf5 73. Kh4 Kg6 74. Nb3 Kf5 75. Nc5 Kxf4 76. Nd3+ {Precision: White = 62%, Black = 72%.} 1/2-1/2

[Event "20th Dubai Open 2018"]
[Site "Dubai"]
[Date "2018.04.05"]
[Round "4"]
[White "Christenson, Flemming"]
[Black "Khademalsharieh, Sarasadat"]
[Result "0-1"]
[WhiteElo "2190"]
[BlackElo "2424"]
[Annotator "TA"]
[PlyCount "80"]
[EventDate "2018.??.??"]
[EventType "swiss"]
[EventCountry "UAE"]
[SourceTitle "playchess.com"]
[Source "ChessBase"]
[SourceQuality "1"]

{[%evp 18,80,15,16,22,25,16,16,8,0,0,0,0,-43,-45,-68,-68,-77,-68,-70,-72,-77,-75,-75,-60,-121,-89,-113,-122,-161,-111,-140,-148,-160,-167,-168,-155,-152,-138,-118,-91,-104,-81,-111,-131,-208,-222,-211,-167,-168,-122,-129,-121,-256,-271,-276,-269,-248,-217,-201,-188,-220,-233,-272,-229]} 1. d4 Nf6 2. Bf4 d5 3. e3 c5 4. c3 Nc6 5. Nd2 Bf5 6. Qb3 {D00: 1 d4 d5: Unusual lines} Qd7 7. Ngf3 c4 8. Qd1 e6 9. Be2 h6 10. Ne5 {LiveBook: 4 Games} Nxe5 11. Bxe5 Be7 12. O-O O-O 13. Bxf6 $146 Bxf6 14. e4 Bh7 15. e5 Be7 16. f4 b5 {[%cal Bb7b5,Bb5b4][%mdl 32]} 17. Qc1 a5 18. Bd1 b4 19. Bc2 Bxc2 20. Qxc2 Rab8 21. Nf3 (21. a3 $15) 21... Rb6 22. Rab1 Rfb8 23. Nd2 Qb7 24. Qa4 Qc6 25. Qc2 a4 26. h3 Qd7 27. Kh2 Qa7 28. f5 exf5 29. Qxf5 Bf8 30. Qf3 Qd7 31. Qe3 (31. Ra1 $17) 31... Qe6 $19 32. Ra1 Be7 33. Nf3 Ra8 34. Rf2 a3 35. b3 (35. cxb4 $17 {was worth a try.} Rxb4 36. bxa3) 35... cxb3 36. axb3 bxc3 37. Qxc3 Rab8 38. Nd2 Bb4 39. Qc1 Rc6 40. Qb1 Rbc8 {Precision: White = 36%, Black = 76%.} 0-1

[Event "20th Dubai Open 2018"]
[Site "Dubai"]
[Date "2018.04.05"]
[Round "4"]
[White "Bubalovic, Davorin"]
[Black "Tania, Sachdev"]
[Result "0-1"]
[WhiteElo "2187"]
[BlackElo "2407"]
[Annotator "NA"]
[PlyCount "123"]
[EventDate "2018.??.??"]
[EventType "swiss"]
[EventCountry "UAE"]
[SourceTitle "playchess.com"]
[Source "ChessBase"]
[SourceQuality "1"]
[TimeControl "5400+30"]

1. e4 {[%emt 0:00:00]} e5 {[%emt 0:00:07]} 2. Nf3 {[%emt 0:00:00]} Nc6 {[%emt 0:00:05]} 3. Bc4 {[%emt 0:00:00]} Bc5 {[%emt 0:00:16]} 4. c3 {[%emt 0:00:23]} Nf6 {[%emt 0:00:26]} 5. d3 {[%emt 0:01:03]} d6 {[%emt 0:00:45]} 6. O-O {[%emt 0:00:12]} O-O {[%emt 0:00:15]} 7. Bb3 {[%emt 0:00:49]} a5 {[%emt 0:03:28]} 8. Re1 {[%emt 0:01:55]} h6 {[%emt 0:01:44]} 9. Nbd2 {[%emt 0:03:37]} Be6 {[%emt 0:05:58]} 10. Nf1 {[%emt 0:01:17]} Ba7 {[%emt 0:02:10]} 11. Be3 {[%emt 0:03:34]} Re8 {[%emt 0:13:29]} 12. Bxa7 {[%emt 0:02:20]} Rxa7 {[%emt 0:00:21]} 13. Ng3 {[%emt 0:01:11]} b5 {[%emt 0:06:16]} 14. d4 {[%emt 0:06:19]} Bg4 {[%emt 0:14:28]} 15. Bd5 {[%emt 0:18:28]} Ne7 {[%emt 0:28:10]} 16. dxe5 {[%emt 0:10:16]} Nexd5 {[%emt 0:00:18]} 17. exf6 {[%emt 0:04:23]} Nxf6 {[%emt 0:00:14]} 18. h3 {[%emt 0:00:16]} Bc8 {[%emt 0:07:26]} 19. Nd4 {[%emt 0:01:49]} Bd7 {[%emt 0:04:56]} 20. Qd3 {[%emt 0:05:23]} Rb7 {[%emt 0:01:35]} 21. Rad1 {[%emt 0:00:36]} Rb6 {[%emt 0:02:51]} 22. f4 {[%emt 0:05:49]} Nh7 {[%emt 0:02:25]} 23. Ndf5 {[%emt 0:04:14]} Bxf5 {[%emt 0:03:15]} 24. Nxf5 {[%emt 0:00:01]} Qf6 {[%emt 0:00:14]} 25. Qg3 {[%emt 0:06:37]} Nf8 {[%emt 0:00:35]} 26. Qf3 {[%emt 0:06:17]} Ne6 {[%emt 0:00:41]} 27. g3 {[%emt 0:01:56]} Rbb8 {[%emt 0:00:48]} 28. h4 {[%emt 0:03:39]} Nc5 {[%emt 0:00:21]} 29. g4 {[%emt 0:01:27]} Qe6 {[%emt 0:00:02]} 30. Nd4 {[%emt 0:01:22]} Qxa2 {[%emt 0:00:12]} 31. g5 {[%emt 0:00:19]} h5 {[%emt 0:01:04]} 32. Qxh5 {[%emt 0:03:45]} Rxe4 {[%emt 0:00:14]} 33. Rxe4 {[%emt 0:01:47]} Nxe4 {[%emt 0:00:02]} 34. g6 {[%emt 0:01:05]} Nf6 {[%emt 0:00:49]} 35. gxf7+ {[%emt 0:01:37]} Qxf7 {[%emt 0:00:02]} 36. Qf5 {[%emt 0:00:32]} Nh5 {[%emt 0:01:13]} 37. Qg4 {[%emt 0:00:54]} Nf6 {[%emt 0:00:17]} 38. Qf5 Qh5 {[%emt 0:00:32]} 39. Qxh5 {[%emt 0:01:05]} Nxh5 {[%emt 0:00:02]} 40. f5 {[%emt 0:00:19]} b4 {[%emt 0:00:49]} 41. Ra1 {[%emt 0:00:00]} bxc3 {[%emt 0:00:13]} 42. bxc3 {[%emt 0:00:00]} c5 {[%emt 0:00:56]} 43. Ne2 {[%emt 0:00:15]} Ra8 {[%emt 0:00:47]} 44. Kf2 {[%emt 0:00:10]} a4 {[%emt 0:00:09]} 45. c4 {[%emt 0:00:28]} a3 {[%emt 0:00:28]} 46. Nc3 {[%emt 0:00:51]} Ra6 {[%emt 0:01:06]} 47. Ke3 {[%emt 0:02:13]} Kf7 {[%emt 0:00:24]} 48. Nb5 {[%emt 0:00:18]} a2 {[%emt 0:00:07]} 49. Nc3 {[%emt 0:00:01]} Ra3 {[%emt 0:00:19]} 50. Kd2 {[%emt 0:00:00]} Ng3 {[%emt 0:00:20]} 51. Kc2 {[%emt 0:00:33]} Nxf5 {[%emt 0:00:13]} 52. Kb2 {[%emt 0:00:07]} Ra8 53. Nxa2 {[%emt 0:00:16]} Rb8+ {[%emt 0:02:04]} 54. Kc2 {[%emt 0:00:18]} Nd4+ {[%emt 0:00:37]} 55. Kd3 {[%emt 0:00:32]} Rh8 {[%emt 0:00:14]} 56. Rh1 {[%emt 0:01:03]} Nf5 {[%emt 0:00:15]} 57. Rf1 {[%emt 0:00:57]} g6 {[%emt 0:00:08]} 58. Nc3 {[%emt 0:00:14]} Rxh4 {[%emt 0:00:04]} 59. Rf3 {[%emt 0:00:29]} Rd4+ {[%emt 0:00:09]} 60. Ke2 {[%emt 0:00:29]} Rxc4 {[%emt 0:00:03]} 61. Kf2 {[%emt 0:01:05]} Ke6 {[%emt 0:00:21]} 62. Nb1 0-1

[Event "20th Dubai Open 2018"]
[Site "Dubai"]
[Date "2018.04.07"]
[Round "5"]
[White "Kryvoruchko, Yuriy"]
[Black "Debashis, Das"]
[Result "1-0"]
[WhiteElo "2703"]
[BlackElo "2518"]
[Annotator "TA"]
[PlyCount "145"]
[EventDate "2018.??.??"]
[EventType "swiss"]
[EventCountry "UAE"]
[SourceTitle "playchess.com"]
[Source "ChessBase"]
[SourceQuality "1"]

{[%evp 11,145,16,18,3,0,-19,-13,-24,0,6,0,0,27,32,33,28,36,39,29,4,6,7,7,0,0,0,0,0,109,106,97,107,361,353,327,297,316,312,296,275,270,175,175,187,163,141,153,141,121,84,83,83,110,87,101,85,144,111,100,101,156,62,69,26,26,22,73,73,73,76,141,141,130,110,179,179,179,179,179,179,179,179,188,179,179,179,179,179,179,164,179,179,179,172,172,172,172,172,172,172,172,153,153,153,153,72,153,153,153,153,153,153,153,153,153,153,153,153,153,55,62,62,189,189,189,147,741,611,5171,5155,1943,1326,29976,29977,29978,29979]} 1. c4 Nf6 2. Nc3 e6 3. e4 d5 4. cxd5 exd5 5. e5 Ne4 6. Nf3 Be7 {LiveBook: 8 Games. A18: English Opening: Flohr-Mikenas System (1 c4 Nf6 2 Nc3 e6 3 e4)} (6... Bf5 7. d3 Nxc3 8. bxc3 c5 9. d4 Nc6 10. Bd3 Bxd3 11. Qxd3 Be7 12. dxc5 Bxc5 13. O-O Qd7 14. Re1 {½-½ (96) Grischuk,A (2767)-Nakamura,H (2787) Moscow 2018}) 7. Qa4+ $146 ({Predecessor:} 7. Nxe4 dxe4 8. Qa4+ Nd7 9. Qxe4 Nc5 10. Qe3 Bg4 11. d4 Bxf3 12. gxf3 Ne6 13. Bc4 Qxd4 14. Bxe6 Qxe3+ 15. fxe3 fxe6 {1-0 (56) Iturrizaga Bonelli,E (2652)-Svane,R (2555) London 2016}) 7... Bd7 8. Qb3 Nc5 $1 {[%cal Rc5b3] The position is equal.} 9. Qc2 Bg4 10. d4 Ne6 11. Be3 Bxf3 12. gxf3 c5 13. dxc5 d4 14. O-O-O $36 {[%mdl 2048] White is pushing.} Nc6 15. f4 Qa5 ({Don't play} 15... Nxc5 $6 16. Bb5 $16) 16. f5 Nxc5 17. Bxd4 O-O-O 18. Bxc5 $1 Qxc5 19. Bg2 Qxe5 (19... Nxe5 $11 {remains equal.} 20. Qb3 (20. f6 Bxf6 21. Rhe1 Nc4 $15) 20... Qb4) 20. Bxc6 $1 $16 bxc6 {[#]} 21. Nd5 $1 {[%mdl 512]} Qd6 $2 {[%mdl 8192]} (21... Bf6 $16 {was called for.}) (21... Rxd5 22. Qxc6+) 22. Rhe1 $1 $18 Bg5+ 23. Kb1 Rd7 {[#]} 24. Nb6+ $1 {[%mdl 512]} axb6 25. Rxd6 Rxd6 26. Qb3 Kc7 27. Qxf7+ Rd7 28. Qb3 Bf6 29. Qa4 Kb7 30. Re6 Rc8 31. Qc2 Rd4 32. a3 Rd5 33. Ka2 b5 (33... Rc7 $142 34. Kb1 Rc5) 34. f3 Rc7 35. Kb1 Rc8 (35... Rd4 $142 36. h3 Rc4) 36. Qe4 (36. b3 $16) 36... Rd2 $14 37. Rxf6 gxf6 {[%mdl 4096] Endgame KQ-KRR} 38. a4 Rd1+ (38... Rd5 $1 $11 {keeps the balance.}) 39. Kc2 $16 Rd7 40. axb5 Kb6 ({Better is} 40... Rcc7) 41. Qe6 $1 {[%cal Re6d7]} Rcc7 42. Qxf6 Rd5 (42... Rf7 $16 {was worth a try.} 43. Qd4+ Kxb5) 43. Qe6 $18 Kxb5 44. f6 {Strongly threatening f7.} Rdd7 45. Kc3 c5 46. f4 $1 Ra7 47. h4 Rac7 48. Qe8 {Intending f7 and mate.} Kb6 49. h5 Ka6 50. Qb8 Rb7 51. Qc8 {And now Qc6+ would win.} Kb6 52. f5 Rbc7 53. Qg8 Kb5 54. Qc4+ Kb6 55. Kc2 Ra7 56. h6 Rac7 57. Qb3+ Kc6 58. Qe3 (58. Kc3 $142) 58... Kb5 ({Black should try} 58... c4 59. Kb1 Kd5) 59. Kc3 $16 Ra7 60. Qe5 Rac7 61. Qg3 Kb6 62. Qg8 Kb5 63. Qa8 Kb6 64. Qe8 Rb7 65. f7 (65. Kc4 $16) 65... Rxf7 $14 66. Kc4 {aiming for Qb5+.} Rfc7 {[#]} ({Black should play} 66... Rbc7 $14 67. Qe6+ Ka5) 67. f6 $1 $18 Ka7 68. Kd5 Kb6 $2 {[%mdl 8192]} (68... c4 $16 69. Ke5 Kb6) 69. Kd6 Ka7 70. Qd8 Rf7 71. Ke6 Ka6 72. Qe8 Rfc7 {[#]} 73. f7 $1 {Precision: White = 62%, Black = 53%.} 1-0

[Event "20th Dubai Open 2018"]
[Site "Dubai"]
[Date "2018.04.07"]
[Round "5"]
[White "Amin, Bassem"]
[Black "Sidhant, Mohapatra"]
[Result "1-0"]
[WhiteElo "2700"]
[BlackElo "2382"]
[Annotator "TA"]
[PlyCount "55"]
[EventDate "2018.??.??"]
[EventType "swiss"]
[EventCountry "UAE"]
[SourceTitle "playchess.com"]
[Source "ChessBase"]
[SourceQuality "1"]

{[%evp 9,55,-12,10,23,6,19,18,4,26,15,22,16,10,0,45,45,79,86,117,135,128,145,138,131,177,112,102,100,89,4,155,159,247,247,251,249,246,237,243,238,512,507,496,485,502,501,501,501]} 1. Nf3 d5 2. g3 g6 3. Bg2 Bg7 4. O-O e5 5. c4 Ne7 (5... c6 6. cxd5 cxd5 7. d4 e4 8. Ne1 Nc6 9. Nc2 h5 10. f3 h4 11. fxe4 dxe4 12. Be3 hxg3 13. hxg3 Nf6 14. Nc3 Ng4 15. d5 Nxe3 16. Nxe3 Bd4 17. Qd2 Qg5 18. Ncd1 Qxg3 19. dxc6 Be5 20. Rf2 Rh1+ {0-1 (20) Hou,Y (2652)-Caruana,F (2802) chess.com INT 2017}) 6. cxd5 {A07: Réti Opening: New York and Capablanca Systems} Nxd5 7. Nc3 Ne7 {[%cal Bd5e7,Be7f5,Bf5d4][%mdl 32]} 8. e3 {The position is equal.} O-O $146 ({Predecessor:} 8... Nbc6 9. d4 exd4 10. exd4 Bg4 11. d5 Nd4 12. Qa4+ Bd7 13. Qc4 Nxf3+ 14. Bxf3 {½-½ (49) Le Roux,J (2496)-Jankovic,A (2525) Brno 2006}) 9. d4 exd4 10. exd4 c6 11. Re1 h6 12. Bf4 Nf5 13. d5 cxd5 14. Nxd5 ({Don't play} 14. Qxd5 Nc6 $14) 14... Na6 15. g4 Be6 16. Nc7 $36 {[%mdl 2048] White is really pushing.} ({Much weaker is} 16. gxf5 $6 Bxd5 17. fxg6 fxg6 $14) 16... Nd4 17. Nxa6 ({White should try} 17. Nxa8 $18 Bxg4 18. Be5 Bxf3 19. Bxf3 Nxf3+ 20. Qxf3) 17... Bxg4 $16 18. Nc7 Rc8 {[#]} 19. Rc1 (19. Re4 $1 $16 {[%cal Re4d4] Strongly threatening Rxd4.} Nxf3+ 20. Bxf3 Bxf3 21. Qxf3 Rxc7 22. Bxc7 Qxc7 23. Rd1) 19... Qd7 $2 ({Black should play} 19... g5 $11 20. Bg3 f5 21. Nxd4 Bxd1) 20. Rc4 {[%cal Rc4d4] Threatens to win with Rxd4.} Rfd8 {[#]} (20... g5 $16 {was worth a try.}) 21. Rxd4 $1 $18 Bxd4 22. Qxd4 Qxd4 23. Nxd4 Rxd4 24. Nd5 Rc5 $2 (24... Be6 {was necessary.}) 25. Nf6+ {White is clearly winning.} Kg7 26. Be3 ({Inferior is} 26. Nxg4 Rxf4 27. Ne3 Rd4 $11) 26... Re5 27. Nxg4 Rxg4 {[#]} 28. Bxh6+ $1 {[%mdl 512] Precision: White = 79%, Black = 47%.} 1-0